| 000 | 00611nam a2200157 a 4500 | ||
|---|---|---|---|
| 001 | 000035832 | ||
| 005 | 20200930074640.0 | ||
| 008 | 111115s1967 fr ac 000 0 spa d | ||
| 040 |
_aDO-SdBNP _bspa _cBNPHU |
||
| 082 |
_axxx _bP454c |
||
| 100 | 1 |
_aPerrault, Charles, _d1628-1703 _961802 |
|
| 245 | 1 | 0 |
_aContes / _cCharles Perrault ; Textes établis, avec introduction biographique, bibliographique, noticies, relevé de variantes, notes et glossaire par Gilbert Rouger. |
| 260 |
_aParis : _bÉditions Garnier Fréres, _c1967. |
||
| 300 |
_alxxxi, 309 p. : _bil., retrs. ; _c19 cm. |
||
| 700 | 1 |
_aRouger, Gilbert _961803 |
|
| 999 |
_c35323 _d35323 |
||